Confucius : (Record no. 1564104)

MARC details
000 -LEADER
fixed length control field 00483 a2200169 4500
005 - DATE AND TIME OF LATEST TRANSACTION
control field 20260311125623.0
008 - FIXED-LENGTH DATA ELEMENTS--GENERAL INFORMATION
fixed length control field 260311b |||||||| |||| 00| 0 eng d
020 ## - INTERNATIONAL STANDARD BOOK NUMBER
International Standard Book Number 9789360802479
040 ## - CATALOGING SOURCE
Transcribing agency SDCL
041 ## - LANGUAGE CODE
Source of code eng
Language code of text/sound track or separate title eng
084 ## - COLON CLASSIFICATION NUMBER
Classification number V41'M R5
100 ## - MAIN ENTRY--PERSONAL NAME
Personal name Sharma, Kashi Ram
245 ## - TITLE STATEMENT
Title Confucius :
Remainder of title The Sage Reformer and Visionary of China
260 ## - PUBLICATION, DISTRIBUTION, ETC.
Place of publication, distribution, etc. New Delhi :
Name of publisher, distributor, etc. Manohar Publishers and Distributors,
Date of publication, distribution, etc. 2025.
300 ## - PHYSICAL DESCRIPTION
Extent xxii, 476p.
942 ## - ADDED ENTRY ELEMENTS (KOHA)
Koha item type Textual
Source of classification or shelving scheme Colon Classification (CC)
100 ## - MAIN ENTRY--PERSONAL NAME
-- 1131300
999 ## -
-- 1564104
-- 1564104
Holdings
Withdrawn status Lost status Source of classification or shelving scheme Damaged status Not for loan Home library Current library Date acquired Source of acquisition Cost, normal purchase price Inventory number Total checkouts Full call number Barcode Date last seen Cost, replacement price Price effective from Koha item type
    Colon Classification (CC)     South Campus Library South Campus Library 2025-12-24 11 2000.00 065 & 24/12/2025   V41'M R5 SC1691814 2025-12-24 2500.00 2025-12-24 Textual
Copyright @ Delhi University Library System